Регионална библиотека "Любен Каравелов" - Русе

Шарен свят (Запис номер 139514)

MARC детайли
000 -Лидер
Контролно поле с фиксирана дължина 01652nam a2200325 c 4500
003 - Код на организацията, давaща контролен номер
Контролно поле BLK
005 - Дата и час на последна редакция
Контролно поле 20180422112218.0
008 - Елементи от данни с фиксирана дължина
fixed length control field 180409b bul|||||r ||||||| ||bul||
010 ## - Наследен системен номер
LC control number KNG00145561000
040 ## - Източник на каталожния запис
Идентификатор на билиотеката - собственик на записа BLK
041 ## - Код за език
Код за езика на текст/звукозапис или на отделно заглавие Български
Код за езика КДБФ Български
080 ## - УДК
Текстов определител УДК Българска литература
УДК код - определител по УДК 821.163.2
УДК определител -93-1
УДК - код + определител 821.163.2-93-1
100 1# - Редна дума - Автор
Автор Друмников, Йордан
Авторска отговорност първи автор
Автор - информация (биография) Мазнев, Йордан Александров
R(LIN) 379249
139 ## - Редно поле
Редна дума Друмников, Йордан
Авторски знак Друм - Д 91
245 10 - Сведения за заглавието
Заглавие Шарен свят
Подзаглавни данни Весели стихове и картинки : За предучилищна и нач. училищна възраст
Редно поле (дума) Йордан Друмников; худож. Йордан Друмников; * Йордан Александров Мазнев.
257 ## - Страна на издаване
Страна на създаване/издаване България
260 ## - Област на издателските данни
-- София
Име на издателя, разпространителя и проч. Нар. младеж
Година на издаване 1973
Печатница София : Д. Благоев
300 ## - Физическа характеристика
Страници 64 с.
Илюстрации и др. с ил.
Размери/Мащаб 22 см
380 ## - Жанр
Жанр Детска худож. лит.
500 ## - Общи забележки
Забележка Йордан Друмников - псевд. на Йордан Александров Мазнев. - 12 125 тир.
653 ## - Ключова дума – ненормативна
Ключова дума литература за деца
653 ## - Ключова дума – ненормативна
Ключова дума детска литература
700 1# - Други автори (авторска отговорност)
Лично име Друмников, Йордан
Автороска отговорност (Описва отношението между автора и произведението) худож.
Друга информация Мазнев, Йордан Александров
9 (RLIN) 379249
700 1# - Други автори (авторска отговорност)
Лично име Мазнев, Йордан Александров
Автороска отговорност (Описва отношението между автора и произведението) *
9 (RLIN) 326638
852 ## - Местоположение
Форматна сигнатура Цб 260486
856 4# - Електронен адрес и достъп
Електронен формат pdf - файл
Път до файла /url/
856 4# - Електронен адрес и достъп
Електронен формат pdf - файл
Път до файла /url/
942 ## - АРТИКУЛИ
Вид на библиотечния материал Книги
Скрит в OPAC Не
944 ## - СЪЗДАВАНЕ И РЕДАКЦИЯ на ЗАПИСА
Създаване/Редакция Създаване
Дата на регистрацията/редакция 11.07.2013
Статус, дата на статуса 11.07.2013 - от С1,Р / 11.07.2013
Служител, извършил регистрацията/редакцията Полина_Златанова
944 ## - СЪЗДАВАНЕ И РЕДАКЦИЯ на ЗАПИСА
Създаване/Редакция Редакция
Дата на регистрацията/редакция 11.09.2017
Статус, дата на статуса 11.07.2013 - от С1,Р / 11.07.2013
Служител, извършил регистрацията/редакцията Пенка_Димитрова
999 ## - СИСТЕМНИ КОНТРОЛНИ НОМЕРА
Koha biblionumber 139514
Koha biblioitemnumber 139514
Наличности
Код за отписване Код за изгубен артикул Източник на класификационната схема Код за повреда Коз за рестрикции Код за отдаване Артикулен № Име на библиотеката - собственик Име на библиотеката, в която се намира в момента Статус (Текущо местоположение) Дата на вписване в системата Местоположение - отдел Цена в лева Инвентарен номер Систематично азбучна сигнатура Баркод Номер на екземпляра Цена в евро Служебна бележка Служебен тип на артикула Бележка за публиката
  Не е изгубен Universal Decimal Classification Не е повреден без рестрикции ползва се в читалня 228472 Регионална библиотека "Любен Каравелов" Русе Регионална библиотека "Любен Каравелов" Русе Хранилище 1973-01-01 Хранилище 0.27 133513 Цб 260486 120000133513 1 0.14 N: стар фонд Дата: 01.01.1973 Книги  
Изтеглен Не е изгубен Universal Decimal Classification Не е повреден без рестрикции заемане за дома 228473 Регионална библиотека "Любен Каравелов" Русе Регионална библиотека "Любен Каравелов" Русе Детски отдел 1973-01-01 Детски отдел 0.27 134067 ДХ 886.7/Д 91 134067 2 0.14 N: стар фонд Дата: 01.01.1973 Дата инв: 02.09.2015 Бележки инв: Д2015 Книги  
Изтеглен Не е изгубен   Не е повреден без рестрикции заемане за дома 228474 Регионална библиотека "Любен Каравелов" Русе Регионална библиотека "Любен Каравелов" Русе   1973-01-01 Детски отдел 0.27 134068 ДХ 886.7/Д 91 134068 3 0.14 N: стар фонд Дата: 01.01.1973 Дата инв: 02.09.2015 Бележки инв: Д2015 Книги Отч.N: 26/2017 , Дата: 15.08.2017
Vip Innovations Ltd, Rousse, Bulgaria 2025